000 01069nam a2200301 i 4500
003 DO-SdBNP
005 20240625152023.0
007 ta
008 240625b1968 dr ||||| |||| 00| 0 spa d
040 _aDO-SdBNP
_bspa
_cBNPHU
_erda
082 4 _222
_aRD863.3
_bG182en, 1968
100 1 _aGalván, Manuel de J.
_q(Manuel de Jesús)
_d1834-1910
_eautor
_928507
245 1 0 _aEnriquillo :
_bleyenda histórica dominicana /
_cManuel de Jesús Galván ; prólogo, José Martí
250 _a8a. edición
264 4 _aSanto Domingo :
_bLibrería Dominicana,,
_c1968.
300 _a479 páginas ;
_c21 cm.
336 _2rdaconten
_atexto
_btxt
337 _2rdamedia
_asin mediación
_bn
338 _2rdacarrier
_avolumen
_bnc
590 _aInventariado 2024/BT
600 1 4 _aEnriquillo,
_d1535-
_cCacique,
_979589
650 4 _aNovela histórica dominicana.
_9860
650 4 _aLiteratura Dominicana
_978268
651 4 _aRepública Dominicana
_xHistoria
_y1503-1538
_914942
700 _aMartí, José,
_ecarta prólogo
_985810
910 _aBtavárez
942 _2ddc
_cLBS1
999 _c56988
_d56988